000 00730nam a2200241 i 4500
001 bg
100 1 _aJezierski, Andrzej
_d(1930-2002).
245 1 0 _aHistoria gospodarcza Polski /
_cAndrzej Jezierski, Cecylia Leszczyńska.
260 _aWarszawa :
_b"Key Text",
_c2001.
300 _a568 s. :
_bmapy ;
_c24 cm.
504 _aIndeks.
651 9 _aPolska
_xgospodarka
655 _aPodręczniki akademickie
700 1 _aLeszczyńska, Cecylia
_d(1961- ).
020 _a8387251712
040 _cBPK
041 _apol
080 _a338.1(438)(091)(075.8)
920 _a83-87251-71-2
942 _cKS
008 s pl f |000 0 pol
999 _c41506
_d41506
856 _uhttp://koha.tu.koszalin.pl/cgi-bin/koha/opac-detail.pl?biblionumber=41506
_yKatalog online BPK